Catálogo
 En Linea

Europa Islámica : (Registro nro. 43497)

Detalles MARC
000 -CABECERA
campo de control de longitud fija 00612nam a2200181 a 4500
001 - NÚMERO DE CONTROL
campo de control 000044008
005 - FECHA Y HORA DE LA ÚLTIMA TRANSACCIÓN
campo de control 20201002045105.0
008 - DATOS DE LONGITUD FIJA--INFORMACIÓN GENERAL
campo de control de longitud fija 140513s1991 sp abc 000 0 spa d
020 ## - NÚMERO INTERNACIONAL ESTÁNDAR DEL LIBRO
Número Internacional Estándar del Libro 847969016X
040 ## - FUENTE DE LA CATALOGACIÓN
Centro catalogador/agencia de origen DO-SdBNP
Lengua de catalogación spa
Centro/agencia transcriptor BNPHU
082 ## - NÚMERO DE LA CLASIFICACIÓN DECIMAL DEWEY
Número de clasificación xxxx
Número de documento/Ítem xxxx
100 1# - ENTRADA PRINCIPAL--NOMBRE DE PERSONA
Nombre de persona Martínez Montávez, Pedro
9 (RLIN) 71974
245 10 - MENCIÓN DE TÍTULO
Título Europa Islámica :
Resto del título la magia de una civilización milenaria /
Mención de responsabilidad, etc. Pedro Martínez Montávez, Carmen Ruíz Bravo-Villasante.
260 ## - PUBLICACIÓN, DISTRIBUCIÓN, ETC.
Lugar de publicación, distribución, etc. Barcelona :
Nombre del editor, distribuidor, etc. Anaya,
Fecha de publicación, distribución, etc. 1991.
300 ## - DESCRIPCIÓN FÍSICA
Extensión 240 p. :
Otras características físicas il. ;
Dimensiones 32 cm.
500 ## - NOTA GENERAL
Nota general "Grandes obras" El Sol
700 12 - PUNTO DE ACCESO ADICIONAL--NOMBRE DE PERSONA
Nombre de persona Ruiz Bravo-Villasante, Carmen
9 (RLIN) 71975
Existencias
Estado de retiro Estado de pérdida Restricciones de uso No para préstamo Código de colección Localización permanente Ubicación/localización actual Ubicación en estantería Fecha de adquisición Número de inventario Total de préstamos Signatura topográfica completa Código de barras Fecha visto por última vez Precio válido a partir de Tipo de ítem Koha
      Excluido de préstamo Monografías: Libros y Folletos General General En catalogación 13.05.2014 LF1   xxxx xxxx 44008-10 25.06.2020 25.06.2020 No se presta

Con tecnología Koha